Избранные произведения: пер. с нем.

Sonraí bibleagrafaíochta
Príomhchruthaitheoir: Гофман Э. Т. А. Эрнст Теодор Амадей
Teanga:Rúisis
Foilsithe / Cruthaithe: Москва, Музыка
Ábhair:
Formáid: LEABHAR
KOHA link:https://koha.lib.tpu.ru/cgi-bin/koha/opac-detail.pl?biblionumber=80111

MARC

LEADER 00000nam0a2200000 4500
001 80111
005 20231101213107.0
010 |a 5714001753 
035 |a (RuTPU)RU\TPU\book\86110 
090 |a 80111 
100 |a 20050901d1989 m y0rusy50 ca 
101 1 |a rus  |c ger 
102 |a RU 
105 |a y z 000ay 
200 1 |a Избранные произведения  |e пер. с нем.  |f Э. Т. А. Гофман 
210 |a Москва  |c Музыка 
215 |a с.384 с. 
610 1 |a немецкая литература 
610 1 |a музыка 
610 1 |a новеллы 
675 |a 83  |v 3 
700 1 |a Гофман  |b Э. Т. А.  |c немецкий писатель  |c композитор  |c художник  |f 1776-1822  |g Эрнст Теодор Амадей  |2 stltpush  |3 (RuTPU)RU\TPU\pers\11743  |9 2890 
801 1 |a RU  |b 63413507  |c 20050901  |g PSBO 
801 2 |a RU  |b 63413507  |c 20151209  |g PSBO 
942 |c BK